000 00287nam a22001337a 4500
008 170717b xxu||||| |||| 00| 0 eng d
020 _a700700773
041 _aeng
080 _a2
100 _a24
101 _aTEO
245 _aTHE ETHICS OF BUDDHISM
_cTACHIBANA,S
942 _2udc
_cBK
999 _c21292
_d21292